=LDR 00000nam 2200000 4500 =001 000734 =005 20250711040107 =035 ##$$a 0010-0725000602 =007 ta =008 250711################a##########0#ind## =020 ##$$a 978-623-307-769-9 =082 ##$$a 398.209 598 =084 ##$$a 398.209 598 NIL w =100 #$$a Nilekani Rohini =245 1#$$a Waktunya Mandi /$c Rohini Nilekani =250 ##$$a Cetakan Pertama 2024 =260 ##$$a Jakarta :$b Badan Pengembangan dan Pembinaan Bahasa,$c 2022 =300 ##$$a 12 hlm : $b Ilus. ; $c 22,9 cm =650 #4$$a Cerita Anak Indonesia - Terjemahan =650 #4$$a Literasi- Bahan Bacaan =990 ##$$a TBM05090509